Did Columbus really discover america? / (Record no. 91)

MARC details
000 -LEADER
fixed length control field 01011nam a22002297a 4500
001 - CONTROL NUMBER
control field 91
003 - CONTROL NUMBER IDENTIFIER
control field FISKH
005 - DATE AND TIME OF LATEST TRANSACTION
control field 20250509103538.0
008 - FIXED-LENGTH DATA ELEMENTS--GENERAL INFORMATION
fixed length control field 230222b cb ||||| |||| 00| 0 eng d
020 ## - INTERNATIONAL STANDARD BOOK NUMBER
International Standard Book Number 9780545070713
040 ## - CATALOGING SOURCE
Transcribing agency FISKH
082 ## - DEWEY DECIMAL CLASSIFICATION NUMBER
Classification number 970.015092
100 ## - MAIN ENTRY--PERSONAL NAME
Personal name Roop, Peter
245 ## - TITLE STATEMENT
Title Did Columbus really discover america? /
Remainder of title and other questions about the age of exploration
Statement of responsibility, etc. by Peter and Connie Roop
260 ## - PUBLICATION, DISTRIBUTION, ETC.
Place of publication, distribution, etc. New York
Name of publisher, distributor, etc. Scholastic
Date of publication, distribution, etc. 2008
300 ## - PHYSICAL DESCRIPTION
Extent 44 p.
Dimensions 20 cm.
Type of unit M
505 ## - FORMATTED CONTENTS NOTE
Formatted contents note M
520 ## - SUMMARY, ETC.
Summary, etc. Did you know that Christopher Columbus didn't really discover America? Millions of Native Americans lived there for thousands of years before Columbus set sail. And did you know that Columbus made four voyages across the ocean? Do you know how America got its name? Or who first sailed around South America? This book will answer all kinds of questions about Christopher Columbus and the age of exploration.
521 8# - TARGET AUDIENCE NOTE
Target audience note 690 <br/>
Source Lexile
521 8# - TARGET AUDIENCE NOTE
Target audience note M <br/>
Source Raz-Plus
942 ## - ADDED ENTRY ELEMENTS (KOHA)
Source of classification or shelving scheme Dewey Decimal Classification
Koha item type Books
Suppress in OPAC No
Holdings
Withdrawn status Lost status Source of classification or shelving scheme Damaged status Not for loan Collection Home library Current library Shelving location Date acquired Total Checkouts Full call number Barcode Date last seen Price effective from Koha item type Copy number
    Dewey Decimal Classification     Non-Fiction Footprints International School Library Network Toul Kork Campus Footprints International School Library Network Toul Kork Campus TK Primary Library Room(4th Floor), Bookcase 5&6, Shelves 33-56, Orange Books 02/22/2023   ROO 970.015092 FISTK00465 02/22/2023 02/22/2023 Books  
    Dewey Decimal Classification     Non-Fiction Footprints International School Library Network Toul Tom Poung Campus Footprints International School Library Network Toul Tom Poung Campus TTP Primary Orange Bookshelves 05/09/2025   ROO 970.015092 2025-1243 05/09/2025 05/09/2025 Books 2